000 01291nam a2200325 i 4500
003 EG-GICUC
005 20260121101443.0
008 251209s2007 ua ||||fr|||| 00| 0 ara d
040 _a EG-GICUC
_bara
_c EG-GICUC
_d EG-GICUC
_erda
041 0 _aara
082 0 4 _221
_a343.52
_bم ح , إ
092 0 4 _221
099 _aLaw 1 10 343.52 م ح , إ 2007
100 0 _aمحمد عبد المطلب الخشن
_eمؤلف.
245 1 _aتعريف الإرهاب الدولي بين الاعتبارات السياسية والاعتبارات الموضوعية /
_cدكتور محمد عبد المطلب الخشن
264 1 _aإسكندرية :
_bدار الجامعة الجديدة ,
_c2007.
300 _a200؛ صفحة
_bإيضاحيات، صور، مثيليات ؛
_c24 سم
336 _2rda content
_atext
337 _2rda media
_aComputer
338 _2rda carrier
_aOnline Resource
504 _a. 240-220 ببليوجرافيا: صفحات.
546 _aالنص باللغة العربية
650 1 4 _aالجرائم الدولية
_2qrmak
650 1 4 _aالإرهاب الدولي
650 1 4 _aالقانون الجنائي
651 1 _2qrmak
856 4 0 _uhttps://fll.law.cu.edu.eg/fulltext/bks/B10-06676.pdf
905 _a5
942 _2ddc
_cBK
_e21
_n0
999 _c49236
_d49236